MDQL
is popping MORE tags! Check the
thread
!
Quizzes
Events
Quiz Creation
Community
Videos
Private Events
Remove Ads
Sign In
Join for FREE
Feedback
Dark Mode
Quiz Categories
Sports
Geography
Music
Movies
Television
Just For Fun
Miscellaneous
History
Literature
Language
Science
Gaming
Entertainment
Religion
Holiday
For Kids
Quiz Lab
Recent
Popular Today
Quiz Kudos Today
Editor Picks
Curator Picks
Quizzes by...
Day
Popularity
Type
Ratings
Length
Year
Community
Subscriptions
Recent Discussions
Orange Saloon
Badges
Playlists
Quests
Create
Leaderboards
Showdown
Live 5
Trivia Bingo
Activity
Puzzle Library
Sporcle Events
Private Events
Virtual Trivia
Globe League
Become a Host
Pub Owners
SporcleCon
Opinionation
Our Games
Videos
Blog
Mobile Apps
Partnerships
Remove Ads and Go Orange
Feedback
Geography
Country
Landmarks
City
State
Population
World
Capital
Continent
Flags
Europe
Africa
Asia
South America
North America
Oceania
Border
Canada
United Kingdom
Topography
United States
Geography
Country
Landmarks
City
State
Population
World
Capital
Continent
Flags
Europe
Africa
Asia
South America
North America
Oceania
Border
Canada
United Kingdom
Topography
United States
Random Quiz
Search Sporcle
×
Quiz Lab
Quiz Lab
Geography
City
Type in answers that appear in a list
Type in answers that appear in a list
Classic
Best Score? Go Orange.
Largest cities in a 750 miles radius of Mount Aconcagua Stats
Can you name the largest cities (200.000+) within a 750 miles radius of Mount Aconcagua?
By
klausvancraen
6m
33 Questions
57 Plays
57 Plays
57 Plays
Comments
Comments
Give Quiz Kudos
Give Quiz Kudos
-
- Ratings
hide this ad
Replay
Link that replays current quiz
Next Quiz
Link to next quiz in quiz playlist
You Got
0%
They Got
Avg Score
39%
Avg Friend Score
Upgrade to see
Score Distribution
Jump to the score distribution portion of the page
Score
0/33
Timer
06:00
0
Plays Today
distance/province
city
% Correct
66miles /
Metropolitan Region, CHI
Santiago de Chile
100%
682miles /
Autonomous City, ARG
Buenos Aires
86%
351miles /
Córdoba, ARG
Córdoba
84.2%
97miles /
V, CHI
Valparaíso
80.7%
543miles /
Santa Fe, ARG
Rosario
75.4%
69miles /
Mendoza, ARG
Mendoza
75.4%
549miles /
Santa Fe, ARG
Santa Fe de la Cruz
66.7%
494miles /
Tucumán, ARG
San Miguel de Tucumán
63.2%
610miles /
Salta, ARG
Salta
61.4%
116miles /
San Juan, ARG
San Juan
57.9%
651miles /
Jujuy, ARG
San Salvador de Jujuy
54.4%
449miles /
Neuquén, ARG
Neuquén
52.6%
709miles /
Buenos Aires, ARG
La Plata
49.1%
335miles /
VIII, CHI
Concepción de la Madre Santísima de la Luz
49.1%
479miles /
Santiago del Estero, ARG
Santiago del Estero
45.6%
622miles /
II, CHI
Antofagasta
40.4%
93miles /
V, CHI
Viña del Mar
33.3%
distance/province
city
% Correct
75miles /
Metropolitan Region, CHI
Puente Alto
29.8%
604miles /
Buenos Aires, ARG
Bahía Blanca
26.3%
750miles /
Chaco, ARG
Resistencia
21.1%
691miles /
Buenos Aires, ARG
Quilmes
21.1%
445miles /
IX, CHI
Temuco
17.5%
113miles /
VI, CHI
Rancagua
17.5%
76miles /
Metropolitan Region, CHI
San Bernardo
15.8%
74miles /
Metropolitan Region, CHI
Maipú
14%
558miles /
Entre Ríos, ARG
Paraná
12.3%
61miles /
Metropolitan Region, CHI
Las Condes
12.3%
682miles /
Buenos Aires, ARG
Lanús
7%
663miles /
Buenos Aires, ARG
Merlo
5.3%
69miles /
Metropolitan Region, CHI
La Florida
5.3%
660miles /
Buenos Aires, ARG
José C. Paz
3.5%
683miles /
Buenos Aires, ARG
Banfield
1.8%
66miles /
Metropolitan Region, CHI
Peñalolén
1.8%
Quiz Playlist
Details
Report
Send in Message
Add To Playlist
Classic:
Type in answers that appear in a list
Last Updated: Jun 2, 2017
Quiz Scoreboard
CHALLENGE
Sign Up to Join the Scoreboard
Show All
Scores
Hide
Comments
May contain spoilers
Recently Published
Image Sorting: Flags VI
by Barbecue
Geography
2m
Find the 'City' Movie
by crazypaving
Movies
60s
Colored Red Africa Blitz
by spor1
Geography
45s
More to Explore
Quiz From the Vault
Featured Blog Post
14 Easter Pick-up Lines to Find Eggs With
hide this ad
You Might Also Like...
Tags
City Quiz
Country Quiz
Population Quiz
distance
largest
mountains
Today's Top Quizzes in Geography
Browse Geography
hide this ad
Today's Top Quizzes in City
Browse City
Top Contributed Quizzes in Geography
1
Colored Red Europe Blitz I
2
Countries of the World - No Outlines Minefield
3
Colored Red Africa Blitz II
4
Colored Red Europe Blitz II
5
Colored Red Europe Blitz III
6
Colored Red Africa Blitz III
7
Colored Red States Blitz I
8
A Different View: World Oceans
9
Colored Red States Blitz II
10
Colored Red States Blitz III
Explore More
Trending Topics
Marvel
NBA
Anime
Kpop
Harry Potter
Disney
Crossword
WWE
Pokémon
Puzzle
Song
Country
NFL
Soccer
The Office
hide this ad
More By:
klausvancraen
Quiz
Plays
Rating
Category
Featured
Created
Largest cities near Mount St. Helens
2,555
4.33
Geography
Jun 9, 2017
Largest cities of the world starting with 'B'
1,150
5.00
Geography
Jan 18, 2018
Largest European cities (+500.000)
1,091
4.83
Geography
Aug 3, 2017
World's most populous cities in 2100
1,065
4.36
Geography
May 20, 2017
Largest cities of the world starting with 'A'
1,016
5.00
Geography
Jan 17, 2018
Go to Creator's Profile
Score Distribution
Quiz Creator Spotlight
klausvancraen
Follow
Send a Message
Quizzes Created
-
Created Quiz Play Count
-
More By This Creator
Popular Quizzes Today
1
Colored Red Africa Blitz
2
Find the US States - No Outlines Minefield
3
Find the 'City' Movie
4
5x2 Blitz: Bands
5
The Countries of the World
6
Find the US States
7
Find the Countries of Europe - No Outlines Minefield
8
US States
More Geography Quizzes
Governorates of Egypt
Published
Trending Quizzes
Colored Red Europe Blitz I
Colored Red Europe Blitz II
Colored Red Africa Blitz II
Colored Red Europe Blitz III
Colored Red Africa Blitz III
Recently Updated
How Do You Spell That?
pecheneg
Godzilla Movies
pecheneg
Grab Bag: 4-10 Letters
pecheneg
2024 March Madness Bracket
pecheneg
Famous TV Couples
Peacemaker
Champions League XIs: Real Madrid
pecheneg
Largest US Cities 1790-2010
pecheneg
Rides in Walt Disney World
pecheneg
Most Oscar Losses (Acting)
pecheneg
Beyoncé Albums
pecheneg
Trending Topics
Harry Potter
NBA
Disney
Crossword
Kpop
Marvel
Anime
WWE
Song
Puzzle
NFL
The Office
Soccer
Pokémon
Country
Your Account Isn't Verified!
In order to create a playlist on Sporcle, you need to verify the email address you used during registration. Go to your
Sporcle Settings
to finish the process.
Report this User
Report this user for behavior that violates our
Community Guidelines
.
Details:
Send Report
Go to the Sporcle.com Mobile Site →
Comments